Подробности
| 000 -МАРКЕР |
| контрольное поле |
01318nam a2200253 c 4500 |
| 001 - КОНТРОЛЬНЫЙ НОМЕР ЗАПИСИ |
| контрольное поле |
000030477 |
| 003 - ПРИНАДЛЕЖНОСТЬ КОНТРОЛЬНОГО НОМЕРА |
| контрольное поле |
RuMoIPM |
| 005 - ДАТА И ВРЕМЯ ПОСЛЕДНЕЙ ТРАНЗАКЦИИ |
| контрольное поле |
20260505115814.0 |
| 008 - ЭЛЕМЕНТЫ ДАННЫХ ФИКСИРОВАННОЙ ДЛИНЫ |
| контрольное поле |
230210s1973 ru ||||||| |||| ||rus d |
| 035 ## - КОНТРОЛЬНЫЙ НОМЕР СИСТЕМЫ |
| контрольный номер системы |
(RuMoBEN) 001971211 |
| 035 ## - КОНТРОЛЬНЫЙ НОМЕР СИСТЕМЫ |
| контрольный номер системы |
(ELAR retro) [2022] 000042846 |
| 040 ## - ОРГАНИЗАЦИЯ-СОЗДАТЕЛЬ ЗАПИСИ |
| организация-создатель исходной библиографической записи |
RuMoBEN |
| язык каталогизации |
rus |
| правила каталогизации |
rcr |
| 041 0# - КОД ЯЗЫКА |
| код языка текста |
Русский |
| 044 ## - КОД СТРАНЫ ПУБЛИКАЦИИ/ИЗГОТОВЛЕНИЯ |
| MARC код страны публикации/изготовления |
Российская Федерация |
| 080 ## - ИНДЕКС УНИВЕРСАЛЬНОЙ ДЕСЯТИЧНОЙ КЛАССИФИКАЦИИ |
| индекс Универсальной десятичной классификации |
51:007(063) |
| 245 10 - ОБЛАСТЬ ЗАГЛАВИЯ И СВЕДЕНИЙ ОБ ОТВЕТСТВЕННОСТИ |
| заглавие |
Прикладная математика и кибернетика |
| сведения, относящиеся к заглавию, и т. д |
Избр. труды Всесоюз. межвузовского симпозиума по прикладной математике и кибернетике. Горький, 29 мая-3 июня 1967 г. |
| сведения об ответственности и т. д |
[Отв. ред. Ю. И. Неймарк] |
| 260 ## - ОБЛАСТЬ ВЫХОДНЫХ ДАННЫХ |
| место публикации, распространения, изготовления и т. д |
Москва |
| издательство, издатель, распространитель и т. д |
Наука |
| дата издания, распространения и т. д |
1973 |
| 300 ## - ОБЛАСТЬ КОЛИЧЕСТВЕННОЙ ХАРАКТЕРИСТИКИ |
| объём |
400 с. |
| прочее |
ил. |
| 700 1# - ИМЯ ЛИЦА КАК ДОБАВОЧНЫЙ ПОИСКОВЫЙ ПРИЗНАК |
| имя лица |
Неймарк, Юрий Исаакович |
| роль лица относительно произведения |
ред. |
| 710 2# - НАИМЕНОВАНИЕ КОЛЛЕКТИВА/ПОСТОЯННОЙ ОРГАНИЗАЦИИ КАК ДОБАВОЧНЫЙ ПОИСКОВЫЙ ПРИЗНАК |
| наименование коллектива или юрисдикции как начальный элемент ввода |
Академия наук СССР |
| структурное подразделение |
Научный совет по комплексной проблеме «Кибернетика» |
| 710 2# - НАИМЕНОВАНИЕ КОЛЛЕКТИВА/ПОСТОЯННОЙ ОРГАНИЗАЦИИ КАК ДОБАВОЧНЫЙ ПОИСКОВЫЙ ПРИЗНАК |
| наименование коллектива или юрисдикции как начальный элемент ввода |
Горьковский государственный университет им. Н. И. Лобачевского |
| 711 2# - НАИМЕНОВАНИЕ МЕРОПРИЯТИЯ/ВРЕМЕННОГО КОЛЛЕКТИВА/ОРГАНИЗАЦИИ КАК ДОБАВОЧНЫЙ ПОИСКОВЫЙ ПРИЗНАК |
| наименование мероприятия как начальный элемент ввода |
Всесоюзный межвузовский симпозиум по прикладной математике и кибернетике |
| место проведения мероприятия |
Горький, 1967 |
| 942 ## - ДАННЫЕ О ЗАПИСИ (KOHA) |
| Тип экземпляра (KOHA) |
Труды конференций |